00836nam a2200241Ia 4500001000700000003000500007008004100012010001100053040000900064082001600073245008700089260004000176300001700216500012200233503002600355504002700381650002600408650005200434650002200486650001800508700003600526700003200562Z_6559CHAP220113s1975 xx 000 0 und d a169830 cCHAP a636.084 E54 aEngorde a corral = The feedlot /ccompiladores Irwin A. Dyer y Clayton C. O´Mary aArgentina :bHemisferio sur,c1975 aviii, 344 p. aTraducción de la obra original en inglés: The feedlot \ La biblioteca cuenta con la primera reimpresión de 1977 aej.1: s/n \ ej.2: C/E aIncluye bibliografía aAlimentación animal aGanado de carne xx Alimentación y alimentos aGanado de engorde aTerminación a O'Mary, Clayton C., compilador aDyer, Irwin A., compilador